<?xml version="1.0" encoding="UTF-8"?>
<collection xmlns="http://www.loc.gov/MARC21/slim">
  <record>
    <leader>00000nam  2200000   4500</leader>
    <controlfield tag="001">INLIS000000000810527</controlfield>
    <controlfield tag="005">20260409103519</controlfield>
    <datafield tag="035" ind1="#" ind2="#">
      <subfield code="a">0010-0426000002</subfield>
    </datafield>
    <controlfield tag="007">ta</controlfield>
    <controlfield tag="008">260409###########################0#ind##</controlfield>
    <datafield tag="020" ind1="#" ind2="#">
      <subfield code="a">9793407972</subfield>
    </datafield>
    <datafield tag="020" ind1="#" ind2="#">
      <subfield code="a">9793407970</subfield>
    </datafield>
    <datafield tag="082" ind1="#" ind2="#">
      <subfield code="a">297.1227</subfield>
    </datafield>
    <datafield tag="084" ind1="#" ind2="#">
      <subfield code="a">297.1227 SAD t</subfield>
    </datafield>
    <datafield tag="245" ind1="#" ind2="#">
      <subfield code="a">Tafsir As sa'di Jilid 1 dan 2 /</subfield>
      <subfield code="c">Syaikh Abdurrahman bin Nasir as-Sa'di</subfield>
    </datafield>
    <datafield tag="260" ind1="#" ind2="#">
      <subfield code="a">Jakarta :</subfield>
      <subfield code="b">Pustaka Sahifa,</subfield>
      <subfield code="c">1999</subfield>
    </datafield>
    <datafield tag="300" ind1="#" ind2="#">
      <subfield code="a">618Hlm ;</subfield>
      <subfield code="c">24 cm</subfield>
    </datafield>
    <datafield tag="520" ind1="#" ind2="#">
      <subfield code="a">Tafsir Al-Qur’an berdasarkan pendekatan tahlili dengan gaya bahasa ringkas, mudah dipahami, dan moderat</subfield>
    </datafield>
    <datafield tag="250" ind1="#" ind2="#">
      <subfield code="a">Cet. 1</subfield>
    </datafield>
    <datafield tag="990" ind1="#" ind2="#">
      <subfield code="a">00000005295</subfield>
    </datafield>
    <datafield tag="990" ind1="#" ind2="#">
      <subfield code="a">00000005296</subfield>
    </datafield>
  </record>
</collection>
